Europe 2000 /

Saved in:
Bibliographic Details
Corporate Authors: European Cultural Foundation, Plan Europe 2000 Integration Committee
Other Authors: Hall, Peter Geoffrey
Format: Book
Language:English
Published: London : Duckworth, 1977.
Subjects:
LEADER 01460nam a2200397 a 4500
001 c000176655
003 CARM
005 20120502144347.0
008 781215s1977 enk b 001 0 eng
010 |a 78320635 //r84 
015 |a GB*** 
019 1 |a 1340478  |z 1243034  |z 22470459  |z 46201620  |z 44252212  |z 23857407  |5 LACONCORD2021 
020 |a 0715609874  |c £12.00. 
020 |a 0715609882 
035 |a (OCoLC)3460549  |5 LACONCORD2021 
040 |a LC  |b eng  |c LC 
043 |a e------ 
050 4 |a HB3730  |b .E97 
082 0 4 |a 303.4 
245 0 0 |a Europe 2000 /  |c edited by Peter Hall. 
246 1 3 |a Europe two thousand 
260 |a London :  |b Duckworth,  |c 1977. 
300 |a xii, 274 p. ;  |c 23 cm. 
500 |a Final report on the European Cultural Foundation's Plan Europe 2000, made by the Plan Europe 2000 Integration Committee. 
500 |a Includes indexes. 
504 |a Bibliography: p. [264]-270. 
650 0 |a Economic forecasting  |z Europe. 
651 0 |a Europe  |x Economic policy. 
651 0 |a Europe  |x Social policy. 
651 0 |a Europe  |x Politics and government. 
700 1 |a Hall, Peter Geoffrey. 
710 2 |a European Cultural Foundation. 
710 2 |a Plan Europe 2000 Integration Committee. 
852 8 |b CARM  |h A1:AM05F0  |i B09247  |p 0391720  |f BK 
999 f f |i c2952675-768c-59d0-9e82-e8de7d888a2e  |s 30de4297-2fd8-5775-bd58-12a0f1590ae0 
952 f f |p Can circulate  |a CAVAL  |b CAVAL  |c CAVAL  |d CARM 1 Store  |e B09247  |f A1:AM05F0  |h Other scheme  |i book  |m 0391720